Allgemeine Botamik, Kurzes Lehrbuch fur Mediziner und Naturwissenschaftler / (Record no. 141005)
[ view plain ]
| 000 -LEADER | |
|---|---|
| fixed length control field | 00704cam2a220022900 4500 |
| 001 - CONTROL NUMBER | |
| control field | tmp15726524 |
| 003 - CONTROL NUMBER IDENTIFIER | |
| control field | UPRA |
| 005 - DATE AND TIME OF LATEST TRANSACTION | |
| control field | 20190823084930.0 |
| 008 - FIXED-LENGTH DATA ELEMENTS--GENERAL INFORMATION | |
| fixed length control field | 951012s1968 gw ger u |
| 035 ## - SYSTEM CONTROL NUMBER | |
| System control number | (Sirsi) r54712 |
| 035 ## - SYSTEM CONTROL NUMBER | |
| System control number | (UPRA)tmp15726524 |
| 040 ## - CATALOGING SOURCE | |
| Transcribing agency | UPRA |
| 100 1# - MAIN ENTRY--PERSONAL NAME | |
| Personal name | Nultsch, Wilhelm. |
| Linkage | A13519.1 |
| 245 10 - TITLE STATEMENT | |
| Title | Allgemeine Botamik, Kurzes Lehrbuch fur Mediziner und Naturwissenschaftler / |
| Statement of responsibility, etc. | Zeichnungen von K.-H. Seeber. |
| 250 ## - EDITION STATEMENT | |
| Edition statement | 3., uberarbeitete Aufl. |
| 260 ## - PUBLICATION, DISTRIBUTION, ETC. | |
| Place of publication, distribution, etc. | Stuttgart : |
| Name of publisher, distributor, etc. | Thieme, |
| Date of publication, distribution, etc. | 1968. |
| 504 ## - BIBLIOGRAPHY, ETC. NOTE | |
| Bibliography, etc. note | Bibliography: p. 373. |
| 650 #0 - SUBJECT ADDED ENTRY--TOPICAL TERM | |
| Topical term or geographic name entry element | Botany. |
| Linkage | S817.1 |
| 949 ## - LOCAL PROCESSING INFORMATION (OCLC) | |
| a | QK47 |
| w | lcc |
| i | 33729000338579 |
| m | MAIN |
| p | 2500 |
| t | BOOK |
| l | ON-SHELF |
| 987 ## - LOCAL ROMANIZATION/CONVERSION HISTORY (OCLC) | |
| Romanization/conversion identifier | 245 : typo? |
No items available.